000 00644nam a2200217Ia 4500
003 GCL
008 140319s9999 xx 000 0 ara d
040 _aGCL /
_cGCL
082 0 4 _a155.418
_bم ص
100 1 _aميخائيل اسعد
245 1 0 _aصبيان امهاتهم /
_cميخائيل اسعد
260 _a[S.N] :
_bدار الجيل ،
_c1992
300 _a240 ص
490 _a
650 0 4 _aعلم النفس
650 0 4 _aالتحليل النفسى
650 0 4 _aالعلاقات الاسرية
650 0 4 _aعلم النفس الاجتماعى
650 0 4 _aالعلاقات الاجتماعية
942 _2ddc
_cBK
999 _c34361
_d34361